[Event "Landesliga Sued 0607"]
[Site "Bayern"]
[Date "2007.03.18"]
[Round "7.8"]
[White "Hartmann, Wolfram"]
[Black "Jannasch, Franz"]
[Result "1/2-1/2"]
[WhiteElo "2111"]
[BlackElo "2148"]
[PlyCount "44"]
[EventDate "2006.10.15"]
[EventType "team-tourn"]
[EventRounds "9"]
[EventCountry "GER"]
[SourceTitle "EXT 2008"]
[Source "ChessBase"]
[SourceDate "2007.11.25"]
[SourceVersion "1"]
[SourceVersionDate "2007.11.25"]
[SourceQuality "1"]
[WhiteTeam "Ingolstadt"]
[BlackTeam "Weilheim"]
[WhiteTeamCountry "GER"]
[BlackTeamCountry "GER"]

1. e4 Nf6 2. e5 Nd5 3. d4 d6 4. Bc4 Nb6 5. Bb3 dxe5 6. Qh5 e6 7. dxe5 c5 8. Nd2 Nc6 9. Ngf3 g6 10. Qg4 Bg7 11. Ne4 Nxe5 12. Nxe5 Bxe5 13. Nxc5 0-0 14. Nd3 Bg7 15. Bg5 Qc7 16. Qh4 a5 17. a4 Nd5 18. 0-0 Bd7 19. Rad1 Bc6 20. Rfe1 Rfe8 21. Bh6 Bf6 22. Qg4 Rad8 1/2-1/2

[Event "Landesliga Sued 0506"]
[Site "Bayern"]
[Date "2006.01.15"]
[Round "5.4"]
[White "Wagner, Hans2222"]
[Black "Hartmann, Wolfram"]
[Result "1-0"]
[WhiteElo "2195"]
[BlackElo "2133"]
[PlyCount "117"]
[EventDate "2005.10.23"]
[EventType "team-tourn"]
[EventRounds "9"]
[EventCountry "GER"]
[SourceTitle "EXT 2007"]
[Source "ChessBase"]
[SourceDate "2006.11.23"]
[SourceVersion "1"]
[SourceVersionDate "2006.11.23"]
[SourceQuality "1"]
[WhiteTeam "Rottal Inn"]
[BlackTeam "Ingolstadt"]
[WhiteTeamCountry "GER"]
[BlackTeamCountry "GER"]

1. d4 d6 2. c4 e5 3. dxe5 dxe5 4. Qxd8+ Kxd8 5. Nc3 Nf6 6. Nf3 Nbd7 7. g3 c6 8. Bh3 Bb4 9. Bd2 a5 10. 0-0 Re8 11. Rfd1 h6 12. a3 Bf8 13. Na4 Kc7 14. b4 axb4 15. axb4 Ne4 16. Be1 Nb6 17. Nxb6 Rxa1 18. Rxa1 Bxh3 19. Ra8 Rxa8 20. Nxa8+ Kb8 21. Nb6 f6 22. Nh4 Be6 23. f3 Ka7 24. fxe4 Kxb6 25. c5+ Kb5 26. Ng6 Bxc5+ 27. bxc5 Kxc5 28. Kf2 Kd4 29. Kf3 b5 30. Ne7 c5 31. Nc6+ Kc4 32. Na5+ Kd4 33. Bf2+ Kc3 34. Bxc5 b4 35. Bf8 b3 36. Nxb3 Kxb3 37. Bxg7 h5 38. Bxf6 Bg4+ 39. Ke3 Kc4 40. Bxe5 Kc5 41. Kf4 Kc6 42. Kg5 Kd7 43. e3 Ke6 44. Bd4 Kf7 45. h3 Bf3 46. e5 Ke6 47. Bc3 Be2 48. Kf4 Bd1 49. Be1 Be2 50. g4 hxg4 51. h4 Bd1 52. Bg3 Bc2 53. Kxg4 Bf5+ 54. Kg5 Bd3 55. Bf4 Bc2 56. h5 Bd3 57. Kh6 Be2 58. Kg6 Ke7 59. h6 1-0

[Event "Landesliga Sued 0405"]
[Site "Bayern"]
[Date "2005.04.10"]
[Round "9.4"]
[White "Hartmann, Wolfram"]
[Black "Hoy, Ralph"]
[Result "1/2-1/2"]
[WhiteElo "2154"]
[BlackElo "2090"]
[PlyCount "65"]
[EventDate "2004.10.24"]
[EventType "team-tourn"]
[EventRounds "9"]
[EventCountry "GER"]
[SourceTitle "EXT 2007"]
[Source "ChessBase"]
[SourceDate "2006.11.23"]
[SourceVersion "1"]
[SourceVersionDate "2006.11.23"]
[SourceQuality "1"]
[WhiteTeam "Ingolstadt"]
[BlackTeam "Klosterlechfeld"]
[WhiteTeamCountry "GER"]
[BlackTeamCountry "GER"]

1. e4 e5 2. f4 exf4 3. Bc4 d6 4. d3 Nc6 5. Bxf4 Nf6 6. Nc3 Be6 7. Nf3 Bxc4 8. dxc4 Be7 9. 0-0 0-0 10. b3 Nh5 11. Be3 Bf6 12. Nd4 Bxd4 13. Bxd4 Nxd4 14. Qxd4 c6 15. Rad1 Qg5 16. Rf5 Qh6 17. Qd2 Qxd2 18. Rxd2 g6 19. Rf1 Rfe8 20. Rxd6 Re7 21. Rfd1 Rae8 22. Kf2 Kg7 23. Rd8 Rxd8 24. Rxd8 Nf4 25. h4 Kf6 26. Kf3 Ne6 27. Rd2 Ke5 28. g4 h6 29. b4 Nd4+ 30. Ke3 Ne6 31. Na4 f5 32. exf5 gxf5 33. gxf5 1/2-1/2

[Event "Landesliga Sued 0304"]
[Site "Bayern"]
[Date "2004.04.25"]
[Round "9.4"]
[White "Webersberger, Johann"]
[Black "Hartmann, Wolfram"]
[Result "1/2-1/2"]
[WhiteElo "2089"]
[BlackElo "2159"]
[PlyCount "35"]
[EventDate "2003.10.12"]
[EventType "team-tourn"]
[EventRounds "9"]
[EventCountry "GER"]
[SourceTitle "EXT 2006"]
[Source "ChessBase"]
[SourceDate "2005.11.24"]
[SourceVersion "1"]
[SourceVersionDate "2005.11.24"]
[SourceQuality "1"]
[WhiteTeam "Pfarrkirchen SC"]
[BlackTeam "Ingolstadt"]
[WhiteTeamCountry "GER"]
[BlackTeamCountry "GER"]

1. e4 c5 2. Nf3 d6 3. c3 Nf6 4. Be2 Nbd7 5. d3 e5 6. 0-0 Be7 7. Re1 0-0 8. Bf1 Qc7 9. d4 a6 10. d5 b6 11. c4 Re8 12. Nc3 g6 13. a3 Nh5 14. g3 Rb8 15. b4 Ng7 16. Bb2 Rf8 17. Rc1 h6 18. Bg2 1/2-1/2

[Event "Landesliga Sued 0304"]
[Site "Bayern"]
[Date "2004.01.18"]
[Round "5.5"]
[White "Hartmann, Wolfram"]
[Black "Hahn, Christoph"]
[Result "1/2-1/2"]
[WhiteElo "2159"]
[BlackElo "2042"]
[PlyCount "81"]
[EventDate "2003.10.12"]
[EventType "team-tourn"]
[EventRounds "9"]
[EventCountry "GER"]
[SourceTitle "EXT 2006"]
[Source "ChessBase"]
[SourceDate "2005.11.24"]
[SourceVersion "1"]
[SourceVersionDate "2005.11.24"]
[SourceQuality "1"]
[WhiteTeam "Ingolstadt"]
[BlackTeam "Kriegshaber"]
[WhiteTeamCountry "GER"]
[BlackTeamCountry "GER"]

1. e4 c5 2. Nf3 e6 3. d4 cxd4 4. Nxd4 a6 5. Bd3 Bc5 6. Nb3 Ba7 7. Nc3 d6 8. f4 b5 9. Qe2 Nc6 10. Be3 Nge7 11. 0-0-0 b4 12. Na4 Bd7 13. Qf2 Nc8 14. e5 Nb8 15. exd6 Bxa4 16. Be4 Bxe3+ 17. Qxe3 Ra7 18. Qd4 0-0 19. Nc5 Bc6 20. Qxb4 Nb6 21. Bxc6 Nxc6 22. Qe4 Qc8 23. Kb1 Nd7 24. Nxd7 Rxd7 25. Rd3 Rfd8 26. Rhd1 a5 27. f5 exf5 28. Qxf5 Nb4 29. Rd4 g6 30. Qf2 Qc5 31. Qd2 Rc8 32. a3 Nxc2 33. Rd3 Qb5 34. Rc1 Nxa3+ 35. Rxa3 Rxc1+ 36. Qxc1 Qf5+ 37. Qc2 Qe6 38. Qc8+ Kg7 39. Qc3+ f6 40. Rxa5 Qxd6 41. g3 1/2-1/2

[Event "Landesliga Sued 0203"]
[Site "Bayern"]
[Date "2002.12.15"]
[Round "3.3"]
[White "Wood, Christopher Baruch"]
[Black "Hartmann, Wolfram"]
[Result "1-0"]
[WhiteElo "2205"]
[BlackElo "2198"]
[PlyCount "72"]
[EventDate "2002.10.20"]
[EventType "team-tourn"]
[EventRounds "9"]
[EventCountry "GER"]
[SourceTitle "EXT 2004"]
[Source "ChessBase"]
[SourceDate "2003.11.25"]
[SourceVersion "1"]
[SourceVersionDate "2003.11.25"]
[SourceQuality "1"]
[WhiteTeam "Muenchen Tarrasch"]
[BlackTeam "Ingolstadt"]
[WhiteTeamCountry "GER"]
[BlackTeamCountry "GER"]

1. e4 c5 2. Nc3 Nc6 3. Nf3 d6 4. d4 cxd4 5. Nxd4 Nf6 6. Bg5 g6 7. Bxf6 exf6 8. Qd2 Bg7 9. 0-0-0 0-0 10. Nxc6 bxc6 11. Qxd6 Qb6 12. Na4 Qxf2 13. Bc4 Qe3+ 14. Kb1 Qxe4 15. Bb3 Qxg2 16. Rhg1 Qf3 17. Rgf1 Qh3 18. Qxc6 Bg4 19. Rde1 Rad8 20. Nc3 Rc8 21. Qd6 Rxc3 22. bxc3 f5 23. Qd3 Qxh2 24. Re7 Bf6 25. Rxf7 Rxf7 26. Qd7 Kg7 27. Qxf7+ Kh6 28. Qxf6 Bf3 29. Kb2 Bg2 30. Rd1 Kh5 31. Rd7 Kg4 32. Rd4+ Be4 33. Qe6 Kf3 34. Qe7 Qf4 35. Qxh7 g5 36. Bd5 g4 1-0

[Event "Landesliga Sued 0203"]
[Site "Bayern"]
[Date "2002.10.20"]
[Round "1.3"]
[White "Joerg, Harald"]
[Black "Hartmann, Wolfram"]
[Result "1/2-1/2"]
[WhiteElo "2276"]
[BlackElo "2198"]
[PlyCount "72"]
[EventDate "2002.10.20"]
[EventType "team-tourn"]
[EventRounds "9"]
[EventCountry "GER"]
[SourceTitle "EXT 2004"]
[Source "ChessBase"]
[SourceDate "2003.11.25"]
[SourceVersion "1"]
[SourceVersionDate "2003.11.25"]
[SourceQuality "1"]
[WhiteTeam "Muenchen Siemens"]
[BlackTeam "Ingolstadt"]
[WhiteTeamCountry "GER"]
[BlackTeamCountry "GER"]

1. e4 c5 2. f4 d5 3. Nc3 dxe4 4. Nxe4 Nd7 5. Nf3 g6 6. Bc4 Nh6 7. Qe2 Qc7 8. Neg5 Nb6 9. Bb5+ Nd7 10. 0-0 a6 11. Bc4 Nb6 12. a4 Bg7 13. Ba2 c4 14. Kh1 Nxa4 15. Bxc4 Nb6 16. Bb3 0-0 17. d4 e6 18. c3 Bd7 19. Ne5 Rac8 20. Qf2 Nf5 21. g4 Nd6 22. Re1 Bc6+ 23. Nxc6 Qxc6+ 24. Kg1 Nd5 25. Qg2 Nxc3 26. Qxc6 Rxc6 27. Nxe6 fxe6 28. Bxe6+ Kh8 29. bxc3 Rxc3 30. Ra4 Nb5 31. d5 Nd4 32. Kh1 Rc2 33. Rf1 g5 34. f5 Be5 35. Rxd4 Bxd4 36. Bxg5 Kg7 1/2-1/2

[Event "Oberliga Bayern 0102"]
[Site "Bayern"]
[Date "2002.03.17"]
[Round "7.1"]
[White "Danschczyk, Christian"]
[Black "Hartmann, Wolfram"]
[Result "1-0"]
[WhiteElo "2290"]
[BlackElo "2245"]
[PlyCount "139"]
[EventDate "2001.10.07"]
[EventType "team"]
[EventRounds "9"]
[EventCountry "GER"]
[SourceTitle "EXT 2003"]
[Source "ChessBase"]
[SourceDate "2002.11.25"]
[SourceVersion "1"]
[SourceVersionDate "2002.11.25"]
[SourceQuality "1"]
[WhiteTeam "Muenchen Sendling"]
[BlackTeam "Ingolstadt"]
[WhiteTeamCountry "GER"]
[BlackTeamCountry "GER"]

1. c4 e5 2. b3 d5 3. cxd5 Qxd5 4. Bb2 Nf6 5. e3 Nc6 6. Nc3 Qd8 7. a3 a6 8. Qc2 Bd6 9. Nge2 0-0 10. Ng3 Be6 11. b4 Qe7 12. Bd3 Rad8 13. Nce4 g6 14. Nxf6+ Qxf6 15. Be4 Qh4 16. Bxc6 bxc6 17. Qxc6 Bc4 18. Qe4 Qxe4 19. Nxe4 f5 20. Rc1 Bd3 21. Nc5 Bxc5 22. Rxc5 e4 23. Rxc7 Rf7 24. Rc5 Rfd7 25. Bc3 Kf7 26. h4 Rd5 27. Rxd5 Rxd5 28. f3 h6 29. Kf2 Rd8 30. Kg3 Rg8 31. Bd4 Rc8 32. Bc5 Ke6 33. Rc1 g5 34. hxg5 hxg5 35. Rh1 Rg8 36. Rh6+ Kd5 37. Rd6+ Kc4 38. Rxa6 Kb3 39. Ra7 exf3 40. gxf3 Kc2 41. a4 Kd1 42. b5 Ke1 43. Bd4 g4 44. Bg7 Kxd2 45. fxg4 fxg4 46. Kxg4 Kxe3 47. b6 Ke4 48. a5 Be2+ 49. Kg5 Kd5 50. Rc7 Kd6 51. Kf4 Re8 52. Bd4 Bd3 53. Bc5+ Kd5 54. Rd7+ Kxc5 55. Rxd3 Kc6 56. Rb3 Kb7 57. Rb5 Rh8 58. Rg5 Ka6 59. Re5 Rh1 60. Ke4 Ra1 61. Rd5 Rc1 62. Kd4 Rd1+ 63. Kc5 Rc1+ 64. Kd6 Rh1 65. Kc7 Rc1+ 66. Kb8 Rh1 67. Rd7 Rh8+ 68. Kc7 Rh1 69. b7 Ka7 70. b8Q+ 1-0

[Event "Oberliga Bayern 0102"]
[Site "Bayern"]
[Date "2002.02.24"]
[Round "6.1"]
[White "Hartmann, Wolfram"]
[Black "Velicka, Petr"]
[Result "0-1"]
[WhiteElo "2245"]
[BlackElo "2460"]
[PlyCount "102"]
[EventDate "2001.10.07"]
[EventType "team"]
[EventRounds "9"]
[EventCountry "GER"]
[SourceTitle "EXT 2003"]
[Source "ChessBase"]
[SourceDate "2002.11.25"]
[SourceVersion "1"]
[SourceVersionDate "2002.11.25"]
[SourceQuality "1"]
[WhiteTeam "Ingolstadt"]
[BlackTeam "Passau"]
[WhiteTeamCountry "GER"]
[BlackTeamCountry "GER"]

1. e4 c6 2. d4 d5 3. Nc3 dxe4 4. Nxe4 Bf5 5. Ng3 Bg6 6. Bc4 e6 7. N1e2 Nd7 8. h4 Nb6 9. Bb3 h6 10. Nf4 Bh7 11. c3 Nf6 12. 0-0 Bd6 13. Re1 0-0 14. Qf3 a5 15. a4 Nfd5 16. Qg4 f5 17. Qxg7+ Kxg7 18. Nxe6+ Kg6 19. h5+ Kf6 20. Nxd8 Rfxd8 21. Bxh6 f4 22. Ne4+ Bxe4 23. Rxe4 Rh8 24. Rae1 Rxh6 25. Re6+ Kg7 26. Rxh6 Kxh6 27. Re6+ Kxh5 28. Rxd6 Re8 29. c4 Nb4 30. d5 Kg5 31. dxc6 bxc6 32. c5 N6d5 33. Bc4 Re1+ 34. Kh2 Nf6 35. g3 f3 36. g4 Nxg4+ 37. Kg3 Rg1+ 38. Kxf3 Ne5+ 39. Ke4 Nxc4 40. f4+ Kh5 41. Rd8 Re1+ 42. Kf5 Ne3+ 43. Ke4 Ng4+ 44. Kf3 Re3+ 45. Kg2 Nd3 46. Rh8+ Kg6 47. Ra8 Nxf4+ 48. Kf1 Rb3 49. Rxa5 Rxb2 50. Ke1 Nd3+ 51. Kf1 Ne3+ 0-1

[Event "Oberliga Bayern 0102"]
[Site "Bayern"]
[Date "2001.11.25"]
[Round "3.1"]
[White "Hartmann, Wolfram"]
[Black "Rupprecht, Andreas"]
[Result "0-1"]
[WhiteElo "2245"]
[BlackElo "2315"]
[PlyCount "126"]
[EventDate "2001.10.07"]
[EventType "team"]
[EventRounds "9"]
[EventCountry "GER"]
[SourceTitle "EXT 2003"]
[Source "ChessBase"]
[SourceDate "2002.11.25"]
[SourceVersion "1"]
[SourceVersionDate "2002.11.25"]
[SourceQuality "1"]
[WhiteTeam "Ingolstadt"]
[BlackTeam "Neutraubling"]
[WhiteTeamCountry "GER"]
[BlackTeamCountry "GER"]

1. e4 c5 2. Nf3 Nc6 3. d4 cxd4 4. Nxd4 g6 5. Nc3 Bg7 6. Nb3 Nf6 7. Be2 0-0 8. 0-0 a5 9. a4 d5 10. exd5 Nb4 11. Bf3 Bf5 12. Nd4 Bc8 13. Ndb5 Bf5 14. Bf4 Bxc2 15. Qd2 Qd7 16. Bc7 Bd3 17. Rfd1 Ne8 18. Bb6 Nd6 19. Na3 Ra6 20. Be3 Nf5 21. Rac1 Nd4 22. Bxd4 Bxd4 23. Nab5 Be5 24. Be2 Bxe2 25. Qxe2 Bf4 26. Ra1 Raa8 27. g3 Bh6 28. f4 Bg7 29. Rd2 Rac8 30. Re1 Rfe8 31. Red1 Na6 32. Re1 Nc5 33. Kg2 Bxc3 34. Nxc3 Nxa4 35. Ne4 Nc5 36. Ng5 Nb3 37. Rdd1 Qf5 38. Ne4 Red8 39. Nc3 Rd7 40. Rd3 Nc5 41. Rdd1 b6 42. Rf1 Na4 43. Nxa4 Rc2 44. Rd2 Rxd2 45. Qxd2 Qe4+ 46. Kg1 Qxa4 47. f5 Qc4 48. fxg6 hxg6 49. Rd1 Rd6 50. Qg5 e6 51. Kf2 b5 52. h4 a4 53. Qe7 Qc2+ 54. Ke1 Qe4+ 55. Kf2 Rxd5 56. Rxd5 exd5 57. Qb7 Qc2+ 58. Ke3 d4+ 59. Kxd4 Qxb2+ 60. Kc5 a3 61. h5 Qc3+ 62. Kb6 Qf6+ 63. Kc5 gxh5 0-1

[Event "Oberliga Bayern 0102"]
[Site "Bayern"]
[Date "2001.10.07"]
[Round "1.1"]
[White "Hartmann, Wolfram"]
[Black "Koenig, Dietrich"]
[Result "0-1"]
[WhiteElo "2245"]
[BlackElo "2335"]
[PlyCount "50"]
[EventDate "2001.10.07"]
[EventType "team"]
[EventRounds "9"]
[EventCountry "GER"]
[SourceTitle "EXT 2003"]
[Source "ChessBase"]
[SourceDate "2002.11.25"]
[SourceVersion "1"]
[SourceVersionDate "2002.11.25"]
[SourceQuality "1"]
[WhiteTeam "Ingolstadt"]
[BlackTeam "Rosenheim Pang"]
[WhiteTeamCountry "GER"]
[BlackTeamCountry "GER"]

1. e4 d5 2. exd5 Qxd5 3. d4 Nc6 4. Nf3 Bg4 5. Be2 0-0-0 6. c3 e5 7. c4 Qe4 8. d5 Bxf3 9. gxf3 Qh4 10. Be3 Nd4 11. Nc3 Bc5 12. 0-0 Nf6 13. Qd2 Qh3 14. Bxd4 exd4 15. Nb5 Nh5 16. Qg5 Rhe8 17. Rfe1 a6 18. Bd3 g6 19. Na3 Qxf3 20. Bf1 d3 21. Qg2 Qf5 22. Rxe8 Rxe8 23. Rd1 Nf4 24. Qf3 Ne2+ 25. Kg2 Qg5+ 0-1

[Event "Oberliga Bayern 9900"]
[Site "Bayern"]
[Date "1999.12.12"]
[Round "3.1"]
[White "Velicka, Petr"]
[Black "Hartmann, Wolfram"]
[Result "1-0"]
[WhiteElo "2425"]
[BlackElo "2245"]
[PlyCount "70"]
[EventDate "1999.10.10"]
[EventType "team-tourn"]
[EventRounds "9"]
[EventCountry "GER"]
[SourceTitle "EXT 2020"]
[Source "ChessBase"]
[SourceDate "2019.10.17"]
[SourceVersion "1"]
[SourceVersionDate "2019.10.17"]
[SourceQuality "1"]
[WhiteTeam "Passau II"]
[BlackTeam "Ingolstadt"]
[WhiteTeamCountry "GER"]
[BlackTeamCountry "GER"]

1. e4 c5 2. Nf3 d6 3. Bb5+ Nd7 4. d4 Ngf6 5. 0-0 a6 6. Bxd7+ Nxd7 7. Nc3 e6 8. dxc5 Nxc5 9. Bg5 Qc7 10. Re1 f6 11. Bh4 g5 12. Bg3 Nd7 13. Nxg5 fxg5 14. Qh5+ Kd8 15. Qxg5+ Be7 16. Qh6 Nb6 17. Rad1 Bd7 18. Bxd6 Qxd6 19. Rxd6 Bxd6 20. Rd1 Kc7 21. Qd2 Bc5 22. b4 Be7 23. Qf4+ Kd8 24. Qe5 Rg8 25. Na4 Rg5 26. Qd4 Nd5 27. exd5 Bxa4 28. Qh8+ Be8 29. dxe6+ Kc7 30. Qxh7 Rxg2+ 31. Kxg2 Bc6+ 32. f3 Re8 33. c4 Kb6 34. c5+ Ka7 35. Qf7 Bg5 1-0

[Event "Oberliga Bayern 9900"]
[Site "Bayern"]
[Date "1999.10.10"]
[Round "1.1"]
[White "Reich, Thomas"]
[Black "Hartmann, Wolfram"]
[Result "0-1"]
[WhiteElo "2348"]
[BlackElo "2245"]
[PlyCount "82"]
[EventDate "1999.10.10"]
[EventType "team-tourn"]
[EventRounds "9"]
[EventCountry "GER"]
[SourceTitle "EXT 2020"]
[Source "ChessBase"]
[SourceDate "2019.10.17"]
[SourceVersion "1"]
[SourceVersionDate "2019.10.17"]
[SourceQuality "1"]
[WhiteTeam "Muenchen FC Bayern"]
[BlackTeam "Ingolstadt"]
[WhiteTeamCountry "GER"]
[BlackTeamCountry "GER"]

1. e4 Nf6 2. e5 Nd5 3. c4 Nb6 4. d4 d6 5. exd6 cxd6 6. Nc3 g6 7. Be3 Bg7 8. Rc1 0-0 9. b3 e5 10. dxe5 dxe5 11. Qxd8 Rxd8 12. c5 N6d7 13. Nf3 h6 14. Bc4 Nc6 15. Ne4 Na5 16. Be2 f5 17. Nd6 Nc6 18. Bc4+ Kh7 19. h4 f4 20. Ng5+ hxg5 21. hxg5+ Bh6 22. Ke2 fxe3 23. Rxh6+ Kg7 24. Rch1 Nd4+ 25. Kxe3 Nf8 26. Nxc8 Nf5+ 27. Ke2 Raxc8 28. Rh8 Ne7 29. b4 Rd4 30. R8h4 Rcd8 31. a3 e4 32. Rc1 Nf5 33. Rf4 Nd7 34. Be6 Ne5 35. Rc2 Nd3 36. Rg4 Ne5 37. Rf4 e3 38. Rxf5 gxf5 39. fxe3 Rg4 40. Kf2 Rxg5 41. b5 Kf6 0-1

[Event "Oberliga Bayern 9899"]
[Site "Bayern"]
[Date "1999.05.30"]
[Round "9.1"]
[White "Gruenberg, Hans Ulrich"]
[Black "Hartmann, Wolfram"]
[Result "1/2-1/2"]
[WhiteElo "2465"]
[BlackElo "2230"]
[PlyCount "81"]
[EventDate "1998.10.11"]
[EventType "team-tourn"]
[EventRounds "9"]
[EventCountry "GER"]
[SourceTitle "EXT 2020"]
[Source "ChessBase"]
[SourceDate "2019.10.17"]
[SourceVersion "1"]
[SourceVersionDate "2019.10.17"]
[SourceQuality "1"]
[WhiteTeam "Pasing"]
[BlackTeam "Ingolstadt"]
[WhiteTeamCountry "GER"]
[BlackTeamCountry "GER"]

1. d4 Nf6 2. c4 e6 3. Nf3 Bb4+ 4. Nbd2 b6 5. a3 Bxd2+ 6. Bxd2 Bb7 7. Bg5 h6 8. Bh4 g5 9. Bg3 Ne4 10. Nd2 Nxg3 11. hxg3 f5 12. e3 g4 13. Qc2 Qf6 14. 0-0-0 Nc6 15. Bd3 0-0-0 16. Rh2 Ne7 17. Rdh1 h5 18. Qd1 Qg6 19. Nb1 Be4 20. Nc3 Rh6 21. Ne2 Rdh8 22. Nf4 Qe8 23. Bxe4 fxe4 24. Qa4 Kb8 25. Qb5 Nf5 26. Qe5 h4 27. gxh4 g3 28. Rh3 gxf2 29. h5 Qg8 30. Rf1 d6 31. Qxe4 Ng3 32. Rxg3 Qxg3 33. Kd2 e5 34. Ng6 exd4 35. Nxh8 Rxh8 36. exd4 Qg5+ 37. Qe3 Qxg2 38. Rxf2 Qh1 39. h6 Qxh6 40. Qxh6 Rxh6 41. Rf7 1/2-1/2

[Event "Oberliga Bayern 9899"]
[Site "Bayern"]
[Date "1999.05.09"]
[Round "8.1"]
[White "Hartmann, Wolfram"]
[Black "Bredl, Harald"]
[Result "1/2-1/2"]
[WhiteElo "2230"]
[BlackElo "2285"]
[PlyCount "84"]
[EventDate "1998.10.11"]
[EventType "team-tourn"]
[EventRounds "9"]
[EventCountry "GER"]
[SourceTitle "EXT 2020"]
[Source "ChessBase"]
[SourceDate "2019.10.17"]
[SourceVersion "1"]
[SourceVersionDate "2019.10.17"]
[SourceQuality "1"]
[WhiteTeam "Ingolstadt"]
[BlackTeam "Milbertshofen (SG Schwabing)"]
[WhiteTeamCountry "GER"]
[BlackTeamCountry "GER"]

1. e4 e6 2. d4 d5 3. Nc3 Nf6 4. Bg5 Bb4 5. e5 h6 6. Bd2 Bxc3 7. bxc3 Ne4 8. Qg4 g6 9. Bd3 Nxd2 10. Kxd2 c5 11. h4 Nc6 12. Nf3 Qa5 13. Qf4 cxd4 14. Nxd4 Nxd4 15. Qxd4 Bd7 16. a4 0-0-0 17. Rab1 Kb8 18. Rb4 Ka8 19. Rh3 f5 20. exf6 e5 21. Qxe5 Bxh3 22. gxh3 Qc5 23. Rf4 Rde8 24. Qd4 Qxd4 25. cxd4 Rhf8 26. f7 Re6 27. Bb5 Kb8 28. Bd7 Rd6 29. Be8 Kc7 30. c4 Kd8 31. cxd5 Rxd5 32. Ke3 Ke7 33. Ke4 Ra5 34. Rf3 Rh5 35. Rb3 b6 36. f4 Rxh4 37. d5 g5 38. Ke5 Rxf4 39. Rc3 Rxe8 40. fxe8Q+ Kxe8 41. Rc8+ Kd7 42. Rh8 Rxa4 1/2-1/2

[Event "Oberliga Bayern 9899"]
[Site "Bayern"]
[Date "1999.01.17"]
[Round "4.1"]
[White "Kraeussling, Andreas"]
[Black "Hartmann, Wolfram"]
[Result "1-0"]
[WhiteElo "2270"]
[BlackElo "2230"]
[PlyCount "120"]
[EventDate "1998.10.11"]
[EventType "team-tourn"]
[EventRounds "9"]
[EventCountry "GER"]
[SourceTitle "EXT 2020"]
[Source "ChessBase"]
[SourceDate "2019.10.17"]
[SourceVersion "1"]
[SourceVersionDate "2019.10.17"]
[SourceQuality "1"]
[WhiteTeam "Marktheidenfeld"]
[BlackTeam "Ingolstadt"]
[WhiteTeamCountry "GER"]
[BlackTeamCountry "GER"]

1. d4 Nf6 2. c4 e6 3. Nf3 Bb4+ 4. Nbd2 b6 5. g3 Bb7 6. Bg2 c5 7. 0-0 cxd4 8. Nxd4 Bxg2 9. Kxg2 0-0 10. Qa4 Be7 11. N2f3 Qc8 12. Rd1 Qb7 13. Bf4 Ne4 14. Kg1 g5 15. Bd2 Na6 16. Be1 g4 17. Ne5 Ng5 18. f3 Nc5 19. Qa3 gxf3 20. Ndxf3 Rad8 21. Nxg5 Bxg5 22. Qf3 Qxf3 23. exf3 f6 24. Nd3 d5 25. f4 Bh6 26. cxd5 Rxd5 27. Nxc5 bxc5 28. Rac1 Rfd8 29. Rxd5 Rxd5 30. Rc2 Kf7 31. Bf2 Bf8 32. Kf1 f5 33. Ke2 e5 34. fxe5 Ke6 35. Rc4 Kxe5 36. Ra4 Rd7 37. Ra5 Rb7 38. b3 Kd5 39. Kf3 Bd6 40. Ra4 Re7 41. Ra5 Kc6 42. Ra6+ Kd5 43. Be3 Rb7 44. Bf4 Be5 45. Bxe5 Kxe5 46. Ra5 Kd4 47. Kf4 Rf7 48. Kg5 Rc7 49. Kxf5 Ke3 50. Ke5 c4 51. Kd6 Rc8 52. Kd7 Rg8 53. bxc4 Kd4 54. c5 Rg7+ 55. Kc6 Rg6+ 56. Kb5 Rg8 57. Rxa7 Rb8+ 58. Kc6 Rc8+ 59. Rc7 Ra8 60. Rxh7 Rxa2 1-0

[Event "Oberliga Bayern 9899"]
[Site "Bayern"]
[Date "1998.10.25"]
[Round "2.1"]
[White "Cech, Pavel"]
[Black "Hartmann, Wolfram"]
[Result "1-0"]
[WhiteElo "2355"]
[BlackElo "2230"]
[PlyCount "79"]
[EventDate "1998.10.11"]
[EventType "team-tourn"]
[EventRounds "9"]
[EventCountry "GER"]
[SourceTitle "EXT 2020"]
[Source "ChessBase"]
[SourceDate "2019.10.17"]
[SourceVersion "1"]
[SourceVersionDate "2019.10.17"]
[SourceQuality "1"]
[WhiteTeam "Bindlach"]
[BlackTeam "Ingolstadt"]
[WhiteTeamCountry "GER"]
[BlackTeamCountry "GER"]

1. d4 Nf6 2. Bg5 Ne4 3. Bf4 c5 4. f3 Qa5+ 5. c3 Nf6 6. Nd2 cxd4 7. Nb3 Qd8 8. cxd4 d5 9. e3 e6 10. Bg5 Bd6 11. Bd3 0-0 12. f4 Nbd7 13. Nf3 Qb6 14. 0-0 Ne4 15. Bxe4 dxe4 16. Nfd2 Qc6 17. Rc1 Qd5 18. Qc2 h6 19. Bh4 g5 20. Bg3 f5 21. Nb1 Nf6 22. Nc3 Qc6 23. Qe2 a6 24. Na5 Qd7 25. Nc4 Bc7 26. fxg5 hxg5 27. Ne5 Qh7 28. Qc4 Nh5 29. Nxe4 Bxe5 30. Bxe5 fxe4 31. Rxf8+ Kxf8 32. Qxc8+ Rxc8 33. Rxc8+ Kf7 34. Rc7+ Kg6 35. Rxh7 Kxh7 36. h3 Kg6 37. Kf2 Nf6 38. Bxf6 Kxf6 39. Kg3 Kf5 40. h4 1-0

[Event "Landesliga Sued 9798"]
[Site "Bayern"]
[Date "1998.02.01"]
[Round "5.1"]
[White "Vuckovic, Aleksandar"]
[Black "Hartmann, Wolfram"]
[Result "1-0"]
[WhiteElo "2325"]
[BlackElo "2190"]
[PlyCount "109"]
[EventDate "1997.10.19"]
[EventType "team-tourn"]
[EventRounds "9"]
[EventCountry "GER"]
[SourceTitle "EXT 2020"]
[Source "ChessBase"]
[SourceDate "2019.10.17"]
[SourceVersion "1"]
[SourceVersionDate "2019.10.17"]
[SourceQuality "1"]
[WhiteTeam "Kriegshaber SK"]
[BlackTeam "Ingolstadt"]
[WhiteTeamCountry "GER"]
[BlackTeamCountry "GER"]

1. e4 c5 2. Nf3 d6 3. d4 cxd4 4. Nxd4 Nf6 5. Nc3 a6 6. g3 e5 7. Nde2 Nbd7 8. Bg2 Qc7 9. 0-0 b5 10. h3 Bb7 11. a3 Nc5 12. Nd5 Bxd5 13. exd5 Rc8 14. g4 Be7 15. Ng3 0-0 16. b3 Rfe8 17. Be3 Bf8 18. Rc1 a5 19. c4 b4 20. axb4 axb4 21. Ra1 Nfd7 22. Qc2 Ra8 23. Ra2 Ra5 24. Rfa1 Rea8 25. Be4 g6 26. Qb1 R8a6 27. Bc2 Qa7 28. Rxa5 Rxa5 29. Rxa5 Qxa5 30. Kg2 Be7 31. g5 Kg7 32. h4 f5 33. Bxf5 Bd8 34. Bc2 Bb6 35. h5 Nf8 36. hxg6 hxg6 37. Qh1 Qa7 38. Qh6+ Kg8 39. Bxc5 Bxc5 40. Bxg6 Qg7 41. Qxg7+ Kxg7 42. Be8 Nh7 43. Ne4 Bb6 44. Kf3 Bd8 45. Kg4 Bxg5 46. Nxg5 Nf6+ 47. Kf5 Nxe8 48. Ke6 Nf6 49. Kxd6 Kg6 50. Kxe5 Kxg5 51. c5 Ng4+ 52. Ke6 Nxf2 53. c6 Nd3 54. c7 Nf4+ 55. Kd6 1-0